[Event "XVIII C.to Europeo a squadre"]
[Site "Porto Carras GRE"]
[Date "2011.11.05"]
[Round "3.4"]
[White "Brunello, Sabino"]
[Black "Skoberne, Jure"]
[Result "1/2-1/2"]
[WhiteElo "2575"]
[BlackElo "2533"]
[Annotator "ITA-SLO"]
[PlyCount "106"]
[EventDate "2011.11.03"]

1. c4 Nf6 2. g3 g6 3. Bg2 Bg7 4. d4 O-O 5. Nc3 d6 6. Nf3 Nbd7 7. O-O e5 8. e4
c6 9. h3 Qa5 10. Re1 exd4 11. Nxd4 Ne5 12. Bf1 Re8 13. Nb3 Qb4 14. a3 Qb6 15.
Be3 c5 16. Nd2 Nc6 17. Rb1 Qd8 18. Bg2 Be6 19. f4 h5 20. Nd5 Bd7 21. b4 b6 22.
Bf2 Nxd5 23. cxd5 Nd4 24. bxc5 bxc5 25. Nc4 Bb5 26. Rc1 Rb8 27. e5 Bxc4 28.
Rxc4 dxe5 29. fxe5 Rxe5 30. Rxc5 Rxe1+ 31. Qxe1 Rb2 32. Rc4 Ne2+ 33. Kh1 f5 34.
Bf3 Nd4 35. Kg2 Kh7 36. Qd1 Qb6 37. Rb4 Rxb4 38. axb4 Qxb4 39. g4 fxg4 40. hxg4
Nxf3 41. Qxf3 hxg4 42. Qd3 Be5 43. Qe3 Bb8 44. Qe6 Qb7 45. Bd4 Qc7 46. Qxg4
Qh2+ 47. Kf3 Qh1+ 48. Ke3 Qe1+ 49. Kd3 Qf1+ 50. Kc3 Qc1+ 51. Kb3 Qb1+ 52. Kc3
Qc1+ 53. Kd3 Qf1+ 1/2-1/2